| 000 | 00966nam a2200241 a 4500 | ||
|---|---|---|---|
| 001 | 78482 | ||
| 003 | BD-RjUL | ||
| 005 | 20211209083132.0 | ||
| 008 | 210927s2008 bg a|||| m||| 00| 0 eng d | ||
| 035 | _a(BD-RjUL)78708 | ||
| 040 |
_aBD-RjUL _beng _cBD-RjUL _dBD-RjUL |
||
| 082 |
_a153.45 _bSHV 2008 _223 |
||
| 100 |
_aSharmin, Rumi Saila _9248532 |
||
| 245 | 1 | 0 |
_aValue Pattern of Bangladeshi Working male and Female as a Function of Attitudes, personality and Age / _cby Rumi Saila Sharmin ; _6Suparvisor: Shawkat Ara |
| 260 |
_aRajshahi : _bDepartment of Psychology, University of Rajshahi, _c2008 |
||
| 300 |
_axx, 258 Leaves : _bill ; _c29 cm. |
||
| 502 | _aThesis (Ph. D.) -- Department of Psychology, University of Rajshahi, 2008 | ||
| 504 | _aBibliography : Leaves [223]-241 | ||
| 650 |
_aValues _xPsychological aspects _9248952 |
||
| 650 |
_aSocial values _xPsychological aspects _9248953 |
||
| 700 |
_aAra, Shawkat, Suparvisor _9248951 |
||
| 942 |
_2ddc _cTHE |
||
| 999 |
_c78482 _d78482 |
||